000 00820nam a2200301Ia 4500
001 72128
003 IT-RoPAU
008 130308s9999 xx 000 0 und d
040 _aIT-RoPAU
040 _cIT-RoPAU
041 _aITALIANO
100 _aPrevost Nicoletta
100 _gCodice Aut. SPICS: 34496
245 _aProdigi della tecnica (I)
245 _bIndustria Dello spot (L')-1988
250 _a1a ed.
260 _aMILANO
260 _bComunicare
260 _c1988 [1° Ed.:1988 - Ed.Ling.Originale:1988]
300 _a"4 p. (prefazione: no ; testo: 4 [pagine: 28-31])"
500 _aProgressi della Tecnica nella Produzione di spot Pubblicitari.
650 _aSAGGI DI PUBBLICITA'
650 _eCodice materia Spics: 6211
942 _cBK
957 _71
999 _c48844
_d48844
999 _bSI
999 _g1